000
00265nam a22001097a 4500
020
_a
9789381450475
082
_a
631.1
_b
JIT/PR
245
_a
Precision Farming in Horticulture
260
_a
New Delhi
_b
New india Publishing Agency
_c
2013
300
_a
366
942
_c
BK
999
_c
14437
_d
14437